Detalles MARC
| 000 -CABECERA |
| campo de control de longitud fija |
03261nam a22003137a 4500 |
| 003 - IDENTIFICADOR DEL NÚMERO DE CONTROL |
| campo de control |
DO-SdBHA |
| 005 - FECHA Y HORA DE LA ÚLTIMA TRANSACCIÓN |
| campo de control |
20260320184818.0 |
| 008 - DATOS DE LONGITUD FIJA--INFORMACIÓN GENERAL |
| campo de control de longitud fija |
260316b2025 |||ad||| |||| 00| 0 spa d |
| 040 ## - FUENTE DE LA CATALOGACIÓN |
| Centro catalogador/agencia de origen |
DO-SdBHA |
| Lengua de catalogación |
spa |
| Centro/agencia transcriptor |
DO-SdBHA |
| 041 0# - CÓDIGO DE LENGUA |
| Código de lengua del texto/banda sonora o título independiente |
spa |
| 090 ## - LOCALMENTE ASIGNADO TIPO-LC NÚMERO DE CLASIFICACIÓN (OCLC); NÚMERO DE CLASIFICACIÓN LOCAL (RLIN) |
| Número de clasificación (OCLC) (R) ; Numero de clasificación, CALL (RLIN) (NR) |
CT MA-SDN 0014 |
| Número cutter local (OCLC) ; Número de libro/Signatura topográfica íntegra, CALL (RLIN) |
EGAEE 2025 |
| 100 1# - ENTRADA PRINCIPAL--NOMBRE DE PERSONA |
| Nombre de persona |
Díaz Vargas, Angela María |
| Término indicativo de función/relación |
sustentante |
| 245 10 - MENCIÓN DE TÍTULO |
| Título |
Verja perimetral fronteriza en la provincia Elías Piña y sus Implicaciones políticas, económicas y de seguridad nacional : |
| Resto del título |
período 2023-2025 / |
| Mención de responsabilidad, etc. |
Ángela María Díaz Vargas ; asesor metodológico Dominga Méndez Medina ; asesor de contenido Raúl E. Mora Hernández. |
| 260 ## - PUBLICACIÓN, DISTRIBUCIÓN, ETC. |
| Lugar de publicación, distribución, etc. |
Santo Domingo, República Dominicana : |
| Nombre del editor, distribuidor, etc. |
UNADE, |
| Fecha de publicación, distribución, etc. |
2025. |
| 300 ## - DESCRIPCIÓN FÍSICA |
| Extensión |
xi, 80, [03] páginas : |
| Otras características físicas |
gráficas, ilustraciones. |
| 502 ## - NOTA DE TESIS |
| Nota de tesis |
Tesis y trabajos de grado (Maestría en Seguridad y Defensa Nacional)--Universidad Nacional para la Defensa "General Juan Pablo Duarte y Díez", Escuela de Graduados de Altos Estudios Estratégicos, Santo Domingo, 2025. |
| 504 ## - NOTA DE BIBLIOGRAFÍA, ETC. |
| Nota de bibliografía, etc. |
Incluye referencias bibliográficas, apéndices y anexos. |
| 505 ## - NOTA DE CONTENIDO CON FORMATO |
| Nota de contenido con formato |
Antecedentes históricos de la verja perimetral fronteriza entre la República Dominicana y Haití -- Evaluación de las repercusiones políticas y las consecuencias económicas de la construcción de la verja perimetral Dominico-Haitiana de la provincia Elías Piña, en el período 2023-2025 -- Impacto en las autoridades de Elías Piña luego de la construcción de la verja perimetral, en el ámbito político, económico y de seguridad nacional. |
| 520 ## - SUMARIO, ETC. |
| Sumario, etc. |
El objetivo central de esta investigación es analizar la verja perimetral fronteriza en la provincia Elías Piña y sus implicaciones políticas, económicas y de seguridad nacional, período 2023-2025. El tipo e enfoque es cualitativo-cuantitativo; mientras que su diseño es no experimental. El diseño es no experimental, de corte transversal, por cuanto abarco el espacio temporal ya definido (2023-2025). De igual manera, el tipo e razonamiento fue deductivo; el tipo de investigación es descriptivo, auxiliándose de los métodos de análisis y de síntesis. Las fuentes y técnicas son primarias y secundarias. Las conclusiones de esta investigación están centradas en reconocer la vulnerabilidad que caracteriza de manera histórica, la geografía de la provincia ya referida; por tanto, resulta un imperativo poder articular las acciones de construcciones de dicha verja perimetral, con el fomento al desarrollo económico de la zona fronteriza y sobre todo, lograr un mayor nivel de coordinación interinstitucional, con miras a garantizar de manera efectiva la seguridad nacional. |
| 610 24 - PUNTO DE ACCESO ADICIONAL DE MATERIA--NOMBRE DE ENTIDAD CORPORATIVA |
| Nombre de entidad corporativa o nombre de jurisdicción como elemento de entrada |
República Dominicana. |
| Unidad subordinada |
Fuerzas Armadas |
| 610 24 - PUNTO DE ACCESO ADICIONAL DE MATERIA--NOMBRE DE ENTIDAD CORPORATIVA |
| Nombre de entidad corporativa o nombre de jurisdicción como elemento de entrada |
República Dominicana. |
| Unidad subordinada |
Dirección General de Migración |
| 650 #7 - PUNTO DE ACCESO ADICIONAL DE MATERIA--TÉRMINO DE MATERIA |
| Término de materia o nombre geográfico como elemento de entrada |
Seguridad fronteriza |
| Subdivisión de forma |
Investigaciones |
| Subdivisión cronológica |
2023-2025 |
| Subdivisión geográfica |
República Dominicana |
| 650 #7 - PUNTO DE ACCESO ADICIONAL DE MATERIA--TÉRMINO DE MATERIA |
| Término de materia o nombre geográfico como elemento de entrada |
Fronteras |
| Subdivisión de forma |
Investigaciones |
| Subdivisión general |
Control |
| Subdivisión cronológica |
2023-2025 |
| Subdivisión geográfica |
República Dominicana |
| 650 #7 - PUNTO DE ACCESO ADICIONAL DE MATERIA--TÉRMINO DE MATERIA |
| Término de materia o nombre geográfico como elemento de entrada |
Migración irregular |
| Subdivisión de forma |
Investigaciones |
| Subdivisión cronológica |
2023-2025 |
| Subdivisión geográfica |
República Dominicana |
| 650 #7 - PUNTO DE ACCESO ADICIONAL DE MATERIA--TÉRMINO DE MATERIA |
| Término de materia o nombre geográfico como elemento de entrada |
Desarrollo fronterizo |
| Subdivisión de forma |
Investigaciones |
| Subdivisión cronológica |
2023-2025 |
| Subdivisión geográfica |
República Dominica |
| 700 1# - PUNTO DE ACCESO ADICIONAL--NOMBRE DE PERSONA |
| Nombre de persona |
Méndez Medina, Dominga |
| Término indicativo de función/relación |
asesor metodológico |
| 700 1# - PUNTO DE ACCESO ADICIONAL--NOMBRE DE PERSONA |
| Nombre de persona |
Mora Hernández, Raúl E. |
| Término indicativo de función/relación |
asesor de contenido |
| 942 ## - ELEMENTOS DE PUNTO DE ACCESO ADICIONAL (KOHA) |
| Fuente del sistema de clasificación o colocación |
Clasificación Local |
| Tipo de ítem Koha |
Tesis |